000 00285nam a22001337a 4500
008 170808b xxu||||| |||| 00| 0 eng d
020 _a0201111489
041 _aeng
080 _a004
100 _a33
101 _aSHKI
245 _aESSENTIAL LISP
_cANDERSON, J.R
942 _2udc
_cBK
999 _c22860
_d22860